Historia del arte mexicano : [arte colonial] : fascículo 31 /

Đã lưu trong:
Chi tiết về thư mục
Tác giả khác: Manrique, Jorge Alberto (coordinación general) (coordinación general)
Định dạng: Sách
Ngôn ngữ:Tiếng Tây Ban Nha
Được phát hành: México : Salvat : Instituto Nacional de Bellas Artes, 1982, c1982
Các nhãn: Thêm thẻ
Không có thẻ, Là người đầu tiên thẻ bản ghi này!

MARC

LEADER 00000nam^a2200000^a^4500
001 000561984
005 20250526000000.0
009 20260310131935.021
020 |a 967-32-0231-4 
037 |a Acervo ITESO - Biblioteca 
041 |a ESP 
091 |a FHA. 02943 
245 0 0 |a Historia del arte mexicano :  |b [arte colonial] : fascículo 31 / 
264 4 |a México :  |b Salvat :  |b Instituto Nacional de Bellas Artes,  |c 1982, c1982 
300 |a 20 p. ;  |c 30.0 cm. 
336 |a texto  |b txt  |2 rdacontenido 
337 |a sin mediación  |b n  |2 rdamedio 
338 |a volumen  |b nc  |2 rdasoporte 
515 |a Inventario familia Hartung: 801 
649 |a XX 
700 |a Manrique, Jorge Alberto  |e (coordinación general) 
910 |a Fondo Horst Hartung Franz 
920 |a Impresos - Libros 
930 |a Libros Antiguos y Raros 
905 |a 135 
901 |a 0500333521  |b IT2  |c LRA  |i D  |u 20250526 
902 |a https://opac.biblio.iteso.mx/vufind/Record/000561984